000 00374nam a22001577a 4500
008 240917b ||||| |||| 00| 0 eng d
020 _a8181432088
041 _ahin
082 _a891.43
_bMAR
100 _aManu, Prakash
245 _aRamdarsh Mishra
_b: Ek Antaryatra
260 _aNew Delhi
_bVani Prakashan
_c2012
300 _a183p.
650 _aHINDI
942 _cBK
999 _c48843
_d48843